Uomini d'amore /

Zapisane w:
Opis bibliograficzny
1. autor: Matteucci, Mario
Format: Książka
Język:włoski
Wydane: Roma : Libreria Croce, 2006
Seria:OffSide
Etykiety: Dodaj etykietę
Nie ma etykietki, Dołącz pierwszą etykiete!

MARC

LEADER 00000nam a22000007i 4500
001 IT\ICCU\UBO\3832338
003 ItRI
005 20260207004310.0
008 101217s2006 it |||||| ||||| |||||c
020 |a 8889337214 
020 |a 9788889337219 
040 |b ita  |c GP 
041 7 |a ita  |2 ISO-639-2 
100 1 |a Matteucci, Mario  |0 IT\ICCU\RAVV\076194 
245 1 0 |a Uomini d'amore /  |c Mario Matteucci. 
260 |a Roma :  |b Libreria Croce,  |c 2006 
300 |a 74 p. ;  |c 19 cm. 
830 0 |a OffSide  |0 IT\ICCU\RMS\0086921 
942 |2 ddc  |c BK 
952 |0 0  |1 0  |2 ddc  |4 0  |6 853_920000000000000_MAT  |7 1  |9 771  |a RM  |b RM  |d 2024-02-27  |l 0  |o 853.92 Mat  |p 309  |r 2024-02-27 17:27:45  |w 2024-02-27  |y BK 
952 |0 0  |1 0  |4 0  |6 DOC_853_920000000000000_MAT  |7 0  |9 18312  |a BO  |b BO  |d 2026-01-15  |i 13968  |l 0  |o DOC 853.92 MAT  |p BO13968  |r 2026-01-15 23:19:57  |w 2026-01-15  |x [Sebina 5] [1 v.]  |y BK  |z 1 v. 
999 |c 723  |d 723